Taylor Swift - Chansons commençant par E - Statistiques

Statistiques générales
  • Ce quiz a été pris 687 fois
    146 depuis la dernière actualisation
  • Le résultat moyen est 7 sur 10
Statistiques - réponses
E % Correct
End Game
87%
evermore
83%
Eldest Daughter
80%
Elizabeth Taylor
74%
Enchanted
74%
epiphany
73%
Electric Touch
67%
exile
58%
Everything Has Changed
56%
Eyes Open
34%
Aucun quiz correspondant
Distribution des résultats
% des personnes avec chaque résultat
Percentile par nombre de réponses
Votre historique - résultats
Vous n’avez pas pris ce quiz depuis la dernière actualisation